|
|
|
|
| LEADER |
00578nam a2200169Ia 4500 |
| 001 |
136183 |
| 008 |
170722s9999 xx 000 0 und d |
| 020 |
|
|
|a 8126901403
|
| 100 |
|
|
|a Bhatnagar, M. K.
|
| 245 |
|
|
|a Kamala Markendaya
|b A critical spectrum /
|
| 260 |
|
|
|a New Delhi :
|b Atlantic Publishers ,
|c 2002.
|
| 300 |
|
|
|a vi-218
|
| 653 |
|
|
|a Indian English,novel
|
| 923 |
|
|
|d 20031011
|n 7972-7975
|
| 942 |
|
|
|c GEN
|
| 999 |
|
|
|c 127274
|d 127274
|
| 952 |
|
|
|0 0
|1 0
|4 0
|6 O_23NKA1G_P2
|7 0
|9 180029
|a LIB
|b LIB
|d 2013-03-25
|e D C Books
|l 3
|o O-2,3NKA1:g P2
|p 250707
|r 2019-02-23
|s 2019-01-30
|v 450.00
|w 2017-08-12
|y GEN
|